Mechanical Engineering Design / (Record no. 31926)

000 -LEADER
fixed length control field 01006cam a22003134a 4500
001 - CONTROL NUMBER
control field 12031125
003 - CONTROL NUMBER IDENTIFIER
control field OSt
005 - DATE AND TIME OF LATEST TRANSACTION
control field 20220121111916.0
008 - FIXED-LENGTH DATA ELEMENTS--GENERAL INFORMATION
fixed length control field 000605s2001 maua 001 0 eng
010 ## - LIBRARY OF CONGRESS CONTROL NUMBER
LC control number 00055039
020 ## - INTERNATIONAL STANDARD BOOK NUMBER
International Standard Book Number 0070494622
038 ## - RECORD CONTENT LICENSOR
Staff Name khadija
040 ## - CATALOGING SOURCE
Original cataloging agency DLC
Transcribing agency DLC
Modifying agency DLC
042 ## - AUTHENTICATION CODE
Authentication code pcc
050 00 - LIBRARY OF CONGRESS CALL NUMBER
Classification number TJ230
Item number .S5 2001
082 00 - DEWEY DECIMAL CLASSIFICATION NUMBER
Classification number 621.815
Edition number 21
Author Mark SHI
100 1# - MAIN ENTRY--PERSONAL NAME
Personal name Shigley, Joseph Edward.
9 (RLIN) 88556
245 10 - TITLE STATEMENT
Title Mechanical Engineering Design /
Statement of responsibility, etc. Joseph Edward Shigley, Charles R. Mischke.
250 ## - EDITION STATEMENT
Edition statement 6th ed.
260 ## - PUBLICATION, DISTRIBUTION, ETC.
Place of publication, distribution, etc. Boston, Mass. :
Name of publisher, distributor, etc. McGraw Hill,
Date of publication, distribution, etc. 2001.
300 ## - PHYSICAL DESCRIPTION
Extent xxxi, 1248 p. :
Other physical details ill. ;
Dimensions 26 cm.
500 ## - GENERAL NOTE
General note Includes index.
563 ## - BINDING INFORMATION
Binding note PB
650 #0 - SUBJECT ADDED ENTRY--TOPICAL TERM
Topical term or geographic name entry element Machine design.
9 (RLIN) 88557
700 1# - ADDED ENTRY--PERSONAL NAME
Personal name Mischke, Charles R.
9 (RLIN) 88558
906 ## - LOCAL DATA ELEMENT F, LDF (RLIN)
a 7
b cbc
c orignew
d 1
e ocip
f 20
g y-gencatlg
942 ## - ADDED ENTRY ELEMENTS (KOHA)
Source of classification or shelving scheme
Koha item type Book
Holdings
Withdrawn status Lost status Source of classification or shelving scheme Damaged status Not for loan Permanent Location Current Location Date acquired Total Checkouts Full call number Barcode Date last seen Date last checked out Price effective from Koha item type Shelving location Total Renewals
          School of Mechanical & Manufacturing Engineering (SMME) School of Mechanical & Manufacturing Engineering (SMME) 07/13/2015 5 621.815 SHI SMME-495 11/17/2025 10/24/2025 07/13/2015 Book    
          School of Mechanical & Manufacturing Engineering (SMME) School of Mechanical & Manufacturing Engineering (SMME) 09/22/2015 5 621.815 SHI SMME-1260 12/12/2025 09/30/2025 09/22/2015 Book Text Books 4
© 2023 Central Library, National University of Sciences and Technology. All Rights Reserved.